000
00317nam a2200133Ia 4500
008
191201s2005 xx 000 0 und d
082
_a
621.3
_b
JOM
100
_a
JOHN PAUL, P
245
0
_a
Micro Electronics
260
_a
N.Delhi
_b
Galgotia Pub. Pvt
_c
2005
300
_a
349
650
_a
B.Tech(ECE)
942
_2
ddc
_c
BK
999
_c
1896
_d
1896